| 000 | 00000nas 2200000zi 4500 |
| 001 | 9.895881 |
| 003 | CaOODSP |
| 005 | 20230907083930 |
| 006 | m o d f |
| 007 | cr cn||||||||| |
| 008 | 210129d20212022oncar p o s f0###b0fre|d |
| 040 | |aCaOODSP|bfre|erda|cCaOODSP |
| 043 | |an-cn--- |
| 086 | 1 |aNH12-323F-PDF |
| 245 | 00|aRapport sur le marché locatif : |bCanada et régions métropolitaines. |
| 264 | 1|a[Ottawa] : |bSCHL = CMHC, |c2021-2022. |
| 310 | |aAnnuel |
| 336 | |atexte|btxt|2rdacontent/fre |
| 337 | |ainformatique|bc|2rdamedia/fre |
| 338 | |aressource en ligne|bcr|2rdacarrier/fre |
| 362 | 1 |aParaît depuis 2021; ne paraît plus après 2022. |
| 500 | |aPublié aussi en anglais sous le titre : Northern housing report. |
| 500 | |a« À compter de 2021, l’analyse de tous les marchés locatifs sera incluse dans un rapport, qui remplacera les rapports indépendants par marché » - https://www.cmhc-schl.gc.ca/fr/data-and-research/publications-and-reports/rental-market-reports-major-centres. |
| 588 | |aDescription d'après : 2021. |
| 588 | |aDernière livraison consultée : 2022. |
| 650 | 6|aLogement locatif|zCanada|xStatistiques|vPériodiques. |
| 655 | 7|aStatistiques|2rvmgf |
| 655 | 7|aPériodiques|2rvmgf |
| 710 | 2 |aSociété canadienne d'hypothèques et de logement, |eorganisme de publication. |
| 775 | 08|tRental market report : |w(CaOODSP)9.895882 |
| 780 | 00|tRapport sur le marché locatif. |w(CaOODSP)9.500980 |
| 780 | 00|tRapport sur le marché locatif. |w(CaOODSP)9.500974 |
| 780 | 00|tRapport sur le marché locatif. |w(CaOODSP)9.500970 |
| 780 | 00|tRapport sur le marché locatif. |w(CaOODSP)9.500973 |
| 780 | 00|tRapport sur le marché locatif. |w(CaOODSP)9.500975 |
| 780 | 00|tRapport sur le marché locatif. |w(CaOODSP)9.500976 |
| 780 | 00|tRapport sur le marché locatif. |w(CaOODSP)9.500982 |
| 780 | 00|tRapport sur le marché locatif. |w(CaOODSP)9.500984 |
| 780 | 00|tRapport sur le marché locatif. |w(CaOODSP)9.500985 |
| 780 | 00|tRapport sur le marché locatif. |w(CaOODSP)9.500986 |
| 780 | 00|tRapport sur le marché locatif. |w(CaOODSP)9.500988 |
| 780 | 00|tRapport sur le marché locatif. |w(CaOODSP)9.500990 |
| 780 | 00|tRapport sur le marché locatif. |w(CaOODSP)9.500993 |
| 780 | 00|tRapport sur le marché locatif. |w(CaOODSP)9.500995 |
| 780 | 00|tRapport sur le marché locatif. |w(CaOODSP)9.500997 |
| 780 | 00|tRapport sur le marché locatif. |w(CaOODSP)9.500998 |
| 780 | 00|tRapport sur le marché locatif. |w(CaOODSP)9.500999 |
| 780 | 00|tRapport sur le marché locatif. |w(CaOODSP)9.501000 |
| 785 | 00|tRapport sur le marché locatif.|w(CaOODSP)9.920931 |
| 986 | |aID : 69721 |